| 000 | 00602nam a2200229 a 4500 | ||
|---|---|---|---|
| 001 | BS0001048 | ||
| 003 | BR-BrBNA | ||
| 005 | 20230418191632.0 | ||
| 008 | 230308b |||||||| |||| 00| 0 por d | ||
| 040 |
_aBR-BrBNA _bpor _cBiblioteca Nacional de Agricultura |
||
| 041 | _apor | ||
| 072 | _aR03 | ||
| 090 | _aR03 BS0001048 | ||
| 100 | 1 | _aEl-Khatib, F. | |
| 245 | 1 | _aNovíssimo dicionário ilustrado / | |
| 250 | 1 | _a14. ed. | |
| 260 | 3 |
_aSão Paulo, SP: _bLivraria e editora Jacomo, _c1971. |
|
| 300 | _a1408 p. | ||
| 650 | _aDICIONÁRIO | ||
| 909 |
_a202304 _bSergio Santos _c56 _dSergio Santos |
||
| 942 | _cBK | ||
| 999 |
_c6105 _d6105 |
||